<?xml version="1.0" encoding="UTF-8"?>
<collection xmlns="http://www.loc.gov/MARC21/slim">
 <record>
  <leader>01423pam a22003138a 4500</leader>
  <controlfield tag="001">00026499</controlfield>
  <controlfield tag="005">20171026081023.0</controlfield>
  <controlfield tag="008">110815s2006                  ||||||viesd</controlfield>
  <datafield tag="020" ind1=" " ind2=" ">
   <subfield code="c">9000</subfield>
  </datafield>
  <datafield tag="041" ind1="0" ind2="#">
   <subfield code="a">vie</subfield>
  </datafield>
  <datafield tag="082" ind1="1" ind2="4">
   <subfield code="a">910.71</subfield>
   <subfield code="b">Đ301L</subfield>
  </datafield>
  <datafield tag="245" ind1="0" ind2="0">
   <subfield code="a">Địa lí 9</subfield>
   <subfield code="c">Nguyễn Dược (tổng ch.b)...[và nh. ng. khác]</subfield>
  </datafield>
  <datafield tag="250" ind1="#" ind2="#">
   <subfield code="a">Tái bản lần thứ 1</subfield>
  </datafield>
  <datafield tag="260" ind1="#" ind2="#">
   <subfield code="a">H.</subfield>
   <subfield code="b">Giáo dục</subfield>
   <subfield code="c">2006</subfield>
  </datafield>
  <datafield tag="300" ind1="#" ind2="#">
   <subfield code="a">160 tr.</subfield>
   <subfield code="c">24 cm.</subfield>
   <subfield code="b">bản đồ</subfield>
  </datafield>
  <datafield tag="500" ind1="#" ind2="#">
   <subfield code="a">ĐTTS ghi: Bộ Giáo dục và Đào tạo</subfield>
  </datafield>
  <datafield tag="650" ind1="#" ind2="4">
   <subfield code="a">Lớp 9</subfield>
  </datafield>
  <datafield tag="650" ind1="#" ind2="4">
   <subfield code="a">Sách giáo khoa</subfield>
  </datafield>
  <datafield tag="650" ind1="#" ind2="4">
   <subfield code="a">Địa lí</subfield>
  </datafield>
  <datafield tag="700" ind1="0" ind2="#">
   <subfield code="a">Nguyễn Dược</subfield>
   <subfield code="e">tổng ch.b</subfield>
  </datafield>
  <datafield tag="700" ind1="0" ind2="#">
   <subfield code="a">Vũ Như vân</subfield>
  </datafield>
  <datafield tag="700" ind1="0" ind2="#">
   <subfield code="a">Đỗ Thị Minh Đức</subfield>
   <subfield code="e">ch.b</subfield>
  </datafield>
  <datafield tag="852" ind1="#" ind2="#">
   <subfield code="b">Kho giáo trình</subfield>
   <subfield code="j">KGT.0030924, KGT.0030925, KGT.0030926, KGT.0030927, KGT.0030928, KGT.0030929, KGT.0030930, KGT.0030931, KGT.0030932, KGT.0030933, KGT.0030934, KGT.0030935, KGT.0030936, KGT.0032355, KGT.0033719, KGT.0033732</subfield>
  </datafield>
  <datafield tag="852" ind1="#" ind2="#">
   <subfield code="b">Kho mượn</subfield>
   <subfield code="j">KGT.0030924</subfield>
  </datafield>
  <datafield tag="852" ind1="#" ind2="#">
   <subfield code="b">Kho đọc</subfield>
   <subfield code="j">KD.0011273</subfield>
  </datafield>
  <datafield tag="852" ind1="#" ind2="#">
   <subfield code="j">KGT.0030934</subfield>
   <subfield code="j">KGT.0030936</subfield>
   <subfield code="j">KGT.0030925</subfield>
   <subfield code="j">KGT.0030926</subfield>
   <subfield code="j">KGT.0030928</subfield>
   <subfield code="j">KGT.0030930</subfield>
   <subfield code="j">KGT.0030931</subfield>
   <subfield code="j">KGT.0030933</subfield>
   <subfield code="j">KD.0011273</subfield>
   <subfield code="j">KGT.0033719</subfield>
   <subfield code="j">KGT.0033732</subfield>
   <subfield code="j">KGT.0032355</subfield>
   <subfield code="j">KGT.0030924</subfield>
   <subfield code="j">KGT.0030927</subfield>
   <subfield code="j">KGT.0030929</subfield>
   <subfield code="j">KGT.0030932</subfield>
   <subfield code="j">KGT.0030935</subfield>
  </datafield>
  <datafield tag="910" ind1=" " ind2=" ">
   <subfield code="d">15/08/2011</subfield>
  </datafield>
  <datafield tag="980" ind1="#" ind2="#">
   <subfield code="a">Trung tâm Học liệu Lê Vũ Hùng, Trường Đại học Đồng Tháp</subfield>
  </datafield>
 </record>
</collection>
